|
|
|
|
| LEADER |
01466nam a22002657a 4500 |
| 001 |
AAL9743 |
| 003 |
BD-DhAAL |
| 005 |
20240905125324.0 |
| 008 |
181106s 2013 bg||||| |||| 00| 0 ben d |
| 020 |
|
|
|a 9789845041690
|
| 040 |
|
|
|a BD-DhAAL
|c BD-DhAAL
|
| 082 |
|
|
|a 891.442
|
| 100 |
|
|
|a হিলালী, মাহফুজা.
|9 28718
|
| 245 |
|
|
|a রবীন্দ্রনাথ নিয়ে দুটি নাটক /
|c মাহফুজা হিলালী.
|
| 264 |
|
|
|a ঢাকা :
|b মূর্ধণ্য,
|c ২০১৩ [দ্বিতীয় মুদ্রণ ২০১৫].
|
| 300 |
|
|
|a ৯৬ পৃ. ;
|c ২৪ সে.মি.
|
| 541 |
|
|
|a Complementary copy from Author/ Savar Campus Library
|e 9743, 43017
|
| 600 |
|
|
|a ঠাকুর, রবীন্দ্রনাথ,
|d ১৮৬১-১৯৪১.
|
| 650 |
|
|
|a Bengali Drama.
|9 28719
|
| 650 |
|
|
|a Bengali literature.
|
| 852 |
|
|
|a General Shelf
|c Savar Campus Library
|
| 942 |
|
|
|2 ddc
|c BK
|
| 999 |
|
|
|c 40263
|d 40263
|
| 952 |
|
|
|0 0
|1 0
|2 ddc
|4 0
|6 891_442000000000000_HIL
|7 0
|9 64651
|a SCL
|b SCL
|c GEN
|d 2018-11-06
|e Gift: Mahfuza Hilali
|g 150.00
|l 5
|m 11
|o 891.442 HIL
|p 3020009743
|r 2025-02-25
|s 2022-03-16
|t 1
|w 2018-11-06
|y BK
|
| 952 |
|
|
|0 0
|1 0
|2 ddc
|4 0
|6 891_442000000000000_HIL
|7 0
|9 76132
|a SCL
|b SCL
|c GEN
|d 2024-09-04
|e Complementary copy from Author/ Savar Campus Library
|g 150.00
|l 2
|o 891.442 HIL
|p 3020043017
|r 2025-12-20
|s 2025-12-13
|t 2
|w 2024-09-04
|y BK
|x Complementary copy from Author/ Savar Campus Library
|